000 01230cab a22002415a 4500
001 L137785
008 070430e20070420xxk f 000 0 eng d
035 _a(Sirsi) u137785
041 0 _aeng
100 1 _aMartin, John
245 0 0 _aThat sinking feeling
260 _c2007
490 0 _aSolicitors' Journal
_v(494) 20 April 2007, 494(1)
520 _aProperty article warns that commercial tenants should be aware of potential problems with sinking and reserve fund provisions. Defines the differences between the purpose of the two types of fund. Briefly sets out advantages and disadvantages of each. Points out that in June 2006, the voluntary Service Charges in Commercial Property: RICS Code of Practice was launched. Case law.
590 _aKA
610 2 4 _aROYAL INSTITUTION OF CHARTERED SURVEYORS
650 2 4 _aSECRETARY OF STATE FOR THE ENVIRONMENT V POSSFUND
650 2 4 _aBROWN'S OPERATING SYSTEM SERVICES LTD V SOUTHWARK ROMAN CATHOLIC DIOCESAN CORPORATION
651 4 _aEngland and Wales
_y1543-
690 _aPROPERTY-COMMERCIAL PROPERTY-COMMERCIAL LANDLORD AND TENANT-COMMERCIAL LEASES
690 _aPROPERTY-COMMERCIAL PROPERTY-COMMERCIAL LANDLORD AND TENANT-COMMERCIAL SERVICE CHARGES
942 _n0
999 _c78713
_d78713